General microbiology (Record no. 395726)
[ view plain ]
| 000 -LEADER | |
|---|---|
| fixed length control field | 00509 a2200205 4500 |
| 005 - DATE & TIME | |
| control field | 20260124125921.0 |
| 008 - FIXED-LENGTH DATA ELEMENTS--GENERAL INFORMATION | |
| fixed length control field | 260122b |||||||| |||| 00| 0 eng d |
| 020 ## - ISBN | |
| International Standard Book Number | 9788172334208 |
| Price | Rs. 3250.00 |
| 040 ## - CATALOGING SOURCE | |
| Original cataloging agency | VIVEKANANDA LIBRARY |
| 082 ## - DDC NUMBER | |
| Classification number | 576 |
| Book Number | J221G |
| 100 ## - MAIN ENTRY--PERSONAL NAME | |
| Personal name | Jamaluddin |
| 245 ## - TITLE STATEMENT | |
| Title | General microbiology |
| 260 ## - PUBLICATION, DISTRIBUTION, ETC. (IMPRINT) | |
| Name of publisher, distributor, etc | Scientific Publishers |
| Date of publication, distribution, etc | 2025 |
| Place of publication, distribution, etc | Jodhpur |
| 300 ## - PHYSICAL DESCRIPTION | |
| Pages | iv, 422 |
| 650 ## - Subject | |
| Subject | Microbiology |
| 650 ## - Subject | |
| Subject | Taxonomy |
| 650 ## - Subject | |
| Subject | Gene Expression |
| 700 ## - Added Entry Personal Name | |
| Added Entry Personal Name | Malaviya, Naveen |
| 942 ## - ADDED ENTRY ELEMENTS (KOHA) | |
| Koha item type | Books |
| Withdrawn status | Lost status | Source of classification or shelving scheme | Damaged status | Not for loan | Location (home branch) | Sublocation or collection (holding branch) | Shelving location | Date acquired | Koha issues (times borrowed) | Koha full call number | Accession No. | Koha date last seen | Koha item type |
|---|---|---|---|---|---|---|---|---|---|---|---|---|---|
| Dewey Decimal Classification | VIVEKANANDA LIBRARY | VIVEKANANDA LIBRARY | Vivekananda Library | 05/01/2026 | 576 J221G | 444205 | 05/01/2026 | Books |
